Jeu du marabout - Statistiques

Statistiques générales
  • Ce quiz a été pris 198 fois
  • Le résultat moyen est 27 sur 64
Statistiques - réponses
Question Tuile Select % Correct
France à Barbecue Tunisie Non
92%
France à Barbecue Non
91%
France à Barbecue Sport de contact sur glace Non
90%
France à Barbecue Non
88%
France à Barbecue Après 11 Non
88%
France à Barbecue Non
84%
France à Barbecue France Oui
84%
France à Barbecue Sans contrefaçon, je suis un _____ Non
84%
France à Barbecue Non
79%
France à Barbecue Barbecue Oui
56%
Mouche → Célébrité Bienvenue Non
54%
Mouche → Célébrité Prénom de Delon Non
54%
Mouche → Célébrité 156 Non
53%
Mouche → Célébrité C'est la danse des _____ qui en sortant de la marre Non
53%
Mouche → Célébrité Chanteur Non
52%
Mouche → Célébrité I have a ____ (en français) Non
52%
Mouche → Célébrité Non
51%
Mouche → Célébrité Non
51%
Mouche → Célébrité Roman d'Émile Zola Non
51%
Mouche → Célébrité Non
50%
Mouche → Célébrité Plus grand stade de Rio de Janeiro Non
49%
Mouche → Célébrité Mouche Oui
48%
France à Barbecue Famille des élans Oui
47%
Village → Filon Drapeau Non
43%
Village → Filon Non
42%
Village → Filon Non
42%
Village → Filon Non
42%
Village → Filon Non
42%
Mouche → Célébrité Célébrité Oui
42%
Village → Filon Il chante Mistral Gagnant Non
42%
Village → Filon Genou du bras Non
41%
Village → Filon Non
40%
Village → Filon Je vous parle d'un temps que les moins de ____ ans ne peuvent pas connaître Non
40%
Village → Filon Village Oui
39%
France à Barbecue Contraire de fin Oui
37%
France à Barbecue Archipel au large de la Tanzanie Oui
35%
Manucure → Pédicure Non
34%
Manucure → Pédicure Non
34%
Manucure → Pédicure 20 Non
34%
France à Barbecue Butine Oui
34%
Manucure → Pédicure NaCl Non
34%
Manucure → Pédicure Non
32%
Village → Filon Filon Oui
32%
Manucure → Pédicure Manucure Oui
32%
Manucure → Pédicure Capitale du Suriname Non
31%
Manucure → Pédicure Être haut comme trois ____ Non
30%
Manucure → Pédicure Mais que ____ allait-il faire dans cette galère? Non
29%
France à Barbecue Oui
27%
Manucure → Pédicure Pédicure Oui
27%
France à Barbecue Suc sécrété par des plantes Oui
24%
Mouche → Célébrité Oui
23%
Village → Filon Partie muqueuse de la bouche qui soutient les dents Oui
23%
Village → Filon Larve d'Amphibien Oui
21%
Mouche → Célébrité Oui
19%
Village → Filon Véracité Oui
19%
Village → Filon Défi Oui
18%
Manucure → Pédicure Après l'aller Oui
16%
Mouche → Célébrité La fille de ma sœur Oui
16%
Manucure → Pédicure Vacancier dans un pays autre que le sien Oui
15%
Manucure → Pédicure Oui
12%
Manucure → Pédicure Laurent ____, humoriste natif de Bourg-en-Bresse Oui
12%
Village → Filon Oui
11%
Manucure → Pédicure Walker Texas _____ Oui
10%
Manucure → Pédicure Téhéran Oui
10%
Aucun quiz correspondant
Distribution des résultats
% des personnes avec chaque résultat
Percentile par nombre de réponses
Votre historique - résultats
Vous n’avez pas pris ce quiz